Władysław Krygowski [1906-1998] - między dawnymi i nowymi laty

Titel: Władysław Krygowski [1906-1998] - między dawnymi i nowymi laty : Kilka uwag o literackiej twórczości autora "Wspinaczki po tęczy"
Verfasser:
In: Litteraria, Band 37 (2009), Seite 177-190, sum
alle Artikel anzeigen
Veröffentlicht: 2009
Format: Aufsatz
Sprache: Polnisch
Kein Bild verfügbar
X
alg: 39417100
001A    $01999:12-11-16 
001B    $01999:29-05-21 $t17:45:56.000 
001C    $06050:19-11-16 $t08:56:44.000 
001D    $01999:12-11-16 
001U    $0utf8 
001X    $00 
002@    $0Aox 
003@    $0394171004 
007A    $0394171004 $aHEB 
007T    $0Herdkk00021824 
010@    $apol 
011@    $a2009 
021A    $aWładysław Krygowski [1906-1998] - między dawnymi i nowymi laty $dKilka uwag o literackiej twórczości autora "Wspinaczki po tęczy" 
028A    $aPłaza $dFranciszek 
031A    $d37 $h177-190, sum $j2009 
039B    $aIn $8--Abvc--. Litteraria. - Wrocław : Wydawn. WTN, 1969-. - ISSN 0084-3008 $x200900000370000823 $9047344253 
045F    $a929.09438 $eDDC23BSB 
045F/01 $a929 
045F/03 $g438 
045T    $aAVL $qDE-30 $2FID 
045T    $a7,39 $a7,12 

lok: 39417100 78

exp: 39417100 78 1 #EPN
201B/01 $018-11-16 $t10:49:24.000 
201U/01 $0utf8 
203@/01 $0790281511 
208@/01 $a12-11-16 $be 
209A/01 $a/ $f000 $x00 
220C/01 $aTitelaufnehmer: pbb 
220C/01 $aHerkunft: PBB/IH PAN 
220C/01 $aAnmerkung: *uA 
244Z/01 $2Trx $#Poola $#Lenkija $#Polija $#Polen Land $#Poland $#Lengyelország $#Poľsko $#Polsko $8--Trx--Polska$gkraj $x01 $9391345966 
244Z/01 $2Trx $8--Trx--Krygowski, Władysław$Z1906-1998 $x02 $9390732117 
244Z/01 $2Trx $8--Trx--Zeitschriftenaufsatz $x03 $9391384341 
245Z/01 $a12.03 $x01 
245Z/01 $a11.08 $x02 
247C/01 $82080>Marburg/Lahn, Herder-Institut, Forschungsbibliothek, Bibliographieportal $9336309341
LEADER 00000caa a22000002c 4500
001 394171004
003 DE-603
005 20210529174556.0
007 tu
008 161112s2009 xx |||| | u00||u|pol c
035 |a (DE-599)HEB394171004 
040 |a DE-603  |b ger  |c DE-603  |d DE-603 
041 |a pol 
082 0 4 |8 1\u  |a 929.09438  |q DE-101  |2 23/BSB 
084 |a AVL  |q DE-30  |2 fid 
084 |a 7,39  |a 7,12  |2 ssgn 
085 |8 1\u  |b 929 
085 |8 1\u  |z 2  |s 438 
100 1 |a Płaza, Franciszek 
245 0 0 |a Władysław Krygowski [1906-1998] - między dawnymi i nowymi laty  |b Kilka uwag o literackiej twórczości autora "Wspinaczki po tęczy" 
264 0 |c 2009 
773 0 8 |i In  |t Litteraria  |d Wrocław : Wydawn. WTN, 1969-  |x 0084-3008  |g Band 37 (2009), Seite 177-190, sum  |w (DE-603)047344253  |w (DE-600)216021-3 
924 0 |9 2080  |a (DE-603)790281511  |b DE-2080  |c HES  |d d  |g /